000 00349nam a2200145Ia 4500
008 230917s9999||||xx |||||||||||||| ||und||
040 _e189415
_aMAIN
041 _aEnglish
082 _a658.4092 J774E
100 _aJoseph, P T
245 0 _aE Q and leadership
260 _aNew Delhi
_bTata McGraw-Hill
_c2007
300 _a385 p.
942 _cBK
999 _c152939
_d152939